000 00371nam a2200097Ia 4500
008 180225s1990 CNT 000 0 und d
245 1 0 _aDer Orientmaler Gustav Bauernfeind, 1848-1904, Leben und Werk = The Life and Work of Gustav Bauernfeind, Orientalist Painter, 1848-1904
264 0 _aStuttgart :
_bDr. Ernst Hauswedell
_c1990
500 _a-
690 _aBAUERNFEIND, GUSTAV
999 _c11916
_d11916